000 004870000a22001930004500
001 000811
003 MACL
005 20150908112454.0
008 150908b xxu||||| |||| 00| 0 eng d
040 _aMACL
_cMACL
041 _aEnglish
082 _a822.338/SHA
100 _aShankar, D.A.
_99113
245 _aShakespeare in Indian Languages
_cD.A. Shankar
260 _aDelhi
_c1999
_bIndian Institute Of Advanced Study,
350 _a300
650 _a Drama
_966
942 _k822
_cBK
_2ddc
999 _c809
_d809